Univerzita, spoločnosť, filozofia: realita versus hodnoty s pôvodnou štúdiou Axela Honnetha
Uložené v:
| Ďalší autori: | , , |
|---|---|
| Médium: | Kniha |
| Jazyk: | Slovak |
| Vydavateľské údaje: |
Bratislava
Milan Štefanko - Vydavateľstvo IRIS
2014
|
| Vydanie: | 1. vydanie |
| Predmet: | |
| Tagy: |
Žiadne tagy, Buďte prvý, kto otaguje tento záznam!
|
MARC
| LEADER | 00000nam a2200000 4500 | ||
|---|---|---|---|
| 001 | 0258601 | ||
| 005 | 20240318115250.4 | ||
| 020 | |a 978-80-8153-016-6 | ||
| 041 | 0 | |a slo | |
| 044 | |a SK | ||
| 245 | 1 | 0 | |a Univerzita, spoločnosť, filozofia: realita versus hodnoty |b s pôvodnou štúdiou Axela Honnetha |c editor: Emil Višňovský |
| 250 | |a 1. vydanie | ||
| 264 | 1 | |a Bratislava |b Milan Štefanko - Vydavateľstvo IRIS |c 2014 | |
| 300 | |a [200 s.] | ||
| 610 | 2 | 0 | |a univerzity |
| 610 | 2 | 0 | |a školy vysoké |
| 610 | 2 | 0 | |a vzdelávanie |
| 610 | 2 | 0 | |a výchova |
| 610 | 2 | 0 | |a filozofia |
| 610 | 2 | 0 | |a spoločnosť |
| 610 | 2 | 0 | |a etika |
| 610 | 2 | 0 | |a veda |
| 610 | 2 | 0 | |a práca vedecká |
| 610 | 2 | 0 | |a vedy humanitné |
| 610 | 2 | 0 | |a vedy spoločenské |
| 610 | 2 | 0 | |a kultúra |
| 610 | 2 | 0 | |a identita |
| 610 | 2 | 0 | |a hodnota |
| 700 | 1 | |a Višňovský, Emil | |
| 700 | 1 | |a Šmajs, Josef | |
| 700 | 1 | |a Palenčár, Marián | |